The Office (US) Characters - Picture Click Quiz - Statistics

General Stats
  • This quiz has been taken 1,571 times
  • The average score is 26 of 30
Answer Stats
Hint Extra Hint Answer % Correct
Dwight Schrute Click on the correct character
99%
Pam Beesly Click on the correct character
98%
Michael Scott Click on the correct character
98%
Jim Halpert Click on the correct character
97%
Stanley Hudson Click on the correct character
95%
Andy Bernard Click on the correct character
93%
Kevin Malone Click on the correct character
93%
Phyllis Vance Click on the correct character
92%
Toby Flenderson Click on the correct character
92%
Creed Bratton Click on the correct character
91%
Kelly Kapoor Click on the correct character
90%
Angela Martin Click on the correct character
90%
Oscar Martinez Click on the correct character
90%
Darryl Philbin Click on the correct character
90%
Ryan Howard Click on the correct character
89%
Meredith Palmer Click on the correct character
89%
Bob Vance, Vance Refrigeration Click on the correct character
87%
Mose Schrute Click on the correct character
86%
Jan Levinson Click on the correct character
85%
Holly Flax Click on the correct character
84%
Erin Hannon Click on the correct character
84%
Todd Packer Click on the correct character
84%
Roy Anderson Click on the correct character
84%
Gabe Lewis Click on the correct character
83%
Karen Filippelli Click on the correct character
83%
Nellie Bertram Click on the correct character
82%
David Wallace Click on the correct character
82%
Robert California Click on the correct character
81%
Jo Bennett Click on the correct character
78%
Hank Doyle Click on the correct character
74%
No matching quizzes found
Score Distribution
Percent of People with Each Score
Percentile by Number Answered
Your Score History
You have not taken this quiz